Statistics for Premier League Families

Click here to take the quiz!

General Stats

  • This quiz has been taken 24 times
  • The average score is 7 of 14

Answer Stats

FatherSonAnswer% Correct
Ian 213Bradley 32 | Shaun 315Wright
91%
Peter 310Kasper 200Schmeichel
86%
Paul 306Tom 48Ince
77%
Gus 186Diego 3Poyet
68%
Steve 147Alex 48Bruce
59%
Kevin 325Tyrese 4Campbell
45%
Bryan 104Angus 22Gunn
45%
Gordon 96Gavin 13Strachan
41%
Alvin 45David 5Martin
36%
Rob 280Elliott 4Lee
32%
Alan 46Jack 261Cork
14%
Paul 64Darnell 3Furlong
5%
Steve 202Dan 2Potts
0%

Score Distribution

Percentile by Number Answered

Percent of People with Each Score

Your Score History

You have not taken this quiz